Industrial research associations in France, Belgium and Germany

שמור ב:
מידע ביבליוגרפי
מחבר תאגידי: Organisation for Economic Co-operation and Development
פורמט: ספר
שפה:Undetermined
יצא לאור: Paris OCDE 1965
נושאים:
תגים: הוספת תג
אין תגיות, היה/י הראשונ/ה לתייג את הרשומה!
Thư viện lưu trữ: Trung tâm Học liệu Trường Đại học Cần Thơ
LEADER 00599nam a2200193Ia 4500
001 CTU_79156
008 210402s9999 xx 000 0 und d
082 |a 658.5 
082 |b O.68 
110 |a Organisation for Economic Co-operation and Development 
245 0 |a Industrial research associations in France, Belgium and Germany 
245 0 |c Organisation for Economic Co-operation and Development 
260 |a Paris 
260 |b OCDE 
260 |c 1965 
650 |a Research 
650 |x Industrial,Societies 
650 |z Eeurope 
980 |a Trung tâm Học liệu Trường Đại học Cần Thơ